|
|
|
|
| LEADER |
01176nam a2200289 a 4500 |
| 001 |
12856607 |
| 008 |
090709r20032002enka b 001 0 eng d |
| 010 |
|
|
|a 2002068174
|
| 020 |
|
|
|a 0415280133 (hbk.)
|
| 020 |
|
|
|a 0415280141 (pbk.)
|
| 040 |
|
|
|a DLC
|c DLC
|d DLC
|
| 050 |
0 |
0 |
|a PN241
|b .B265 2002
|
| 082 |
0 |
0 |
|a 418/.02
|2 21
|
| 100 |
1 |
|
|a Bassnett, Susan.
|
| 245 |
1 |
0 |
|a Translation studies /
|c Susan Bassnett.
|
| 250 |
|
|
|a 3rd ed.
|
| 260 |
|
|
|a London ;
|a New York :
|b Routledge,
|c 2002.[reprinted 2003]
|
| 300 |
|
|
|a 176 p. :
|b ill. ;
|c 21 cm.
|
| 490 |
1 |
|
|a New accents
|
| 504 |
|
|
|a Includes bibliographical references (p. [146]-164) and index.
|
| 541 |
1 |
|
|e 00015075
|
| 650 |
|
0 |
|a Translating and interpreting.
|
| 830 |
|
0 |
|a New accents (Routledge (Firm))
|
| 852 |
4 |
|
|a Ayesha Abed Library
|j General Shelf.
|
| 999 |
|
|
|c 2232
|d 2232
|
| 952 |
|
|
|0 0
|1 0
|2 ddc
|4 0
|6 418_020000000000000_BAS_2003
|7 0
|9 2058
|a BRACUL
|b BRACUL
|c GEN
|d 2009-07-09
|g 525.00
|l 1
|m 15
|o 418.02 BAS
|p 3010015075
|r 2013-10-10
|s 2013-06-26
|t 1
|w 2009-07-09
|y BK
|
| 952 |
|
|
|0 0
|1 0
|2 ddc
|4 0
|6 418_020000000000000_BAS_2003
|7 0
|9 14345
|a BRACUL
|b BRACUL
|c GEN
|d 2011-02-08
|l 2
|m 1
|o 418.02 BAS
|p 3010015074
|r 2016-12-09
|s 2016-12-01
|t 2
|w 2011-02-08
|y BK
|